000
00340nam a2200145Ia 4500
005
20251222144920.0
008
251222s9999||||xx |||||||||||||| ||spa||
020
_a
9789507214875
082
_a
291.144/B89
100
_a
Bugallo, Lucila
245
0
_a
Wak´as, Diablos y Muertos:
250
_a
1a. ed.
264
_b
EDIUNJU
942
_c
LIB
999
_c
22681
_d
22681